| 000 | 01798pam a2200469 i 4500 | ||
|---|---|---|---|
| 001 | zcodcb b6956836 | ||
| 003 | DLC | ||
| 005 | 20220401152447.0 | ||
| 008 | 210419s2021 nyua a 000 1 eng | ||
| 010 | _a 2021018171 | ||
| 020 |
_a9781547607341 _q(hardcover) |
||
| 040 |
_aNJQ/DLC _beng _erda _cDLC _dTnLvILS |
||
| 042 |
_alcac _apcc |
||
| 092 |
_achildrens picture book _bMumford |
||
| 100 | 1 |
_aMumford, Martha, _eauthor. _96444484 |
|
| 245 | 1 | 0 |
_aFive little Easter bunnies / _cby Martha Mumford ; illustrated by Sarah Jennings. |
| 246 | 3 | _a5 little Easter bunnies. | |
| 264 | 1 |
_aNew York : _bBloomsbury Children's Books, _c2021. |
|
| 300 |
_a1 volume (unpaged) : _bcolor illustrations ; _c26 cm. |
||
| 336 | _atext | ||
| 336 | _astill image | ||
| 337 | _aunmediated | ||
| 338 | _avolume | ||
| 500 | _a"First published in Great Britain in February 2021 by Bloomsbury Publishing Plc"--Title page verso. | ||
| 520 | _aIn rhyming text, five little rabbits set off on a lift-the-flap Easter egg hunt. | ||
| 521 |
_aAges 3-6. _bBloomsbury Children's Books. |
||
| 521 |
_aGrades K-1. _bBloomsbury Children's Books. |
||
| 650 | 0 |
_aEaster eggs _vJuvenile fiction. |
|
| 650 | 0 |
_aRabbits _vJuvenile fiction. _95674643 |
|
| 650 | 0 | _aStories in rhyme. | |
| 650 | 0 |
_aLift-the-flap books _vSpecimens. _95716738 |
|
| 650 | 1 |
_aEaster eggs _vFiction. _95674952 |
|
| 650 | 1 |
_aRabbits _vFiction. _95674645 |
|
| 650 | 1 | _aCounting. | |
| 650 | 1 | _aLift-the-flap books. | |
| 650 | 1 | _aToy and movable books. | |
| 655 | 7 |
_aStories in rhyme. _2lcgft. |
|
| 655 | 7 |
_aLift-the-flap books. _2lcgft. _95718302 |
|
| 655 | 7 |
_aToy and movable books. _2lcgft. |
|
| 700 | 1 |
_aJennings, Sarah, _eillustrator. _96359183 |
|
| 942 |
_2ddc _cBOOK |
||
| 999 |
_c372001 _d372001 |
||